000 00581ntaaa2200181 4500
003 01
005 20251027202315.0
008 0714s1973 ag 01
040 _aAR-BaBN
_bspa
_cAR-BaBN
_eaacr
_dRIC
082 _a280.1000 C76
100 _aConfederación de Iglesias Evangélicas (R.P.)
_921621
245 _aGuía para el estudio del informe de la Primera Asamblea del Concilio Mundial de Iglesias
250 _a1 ed.
260 _aBuenos Aires :
_bConfederación de Iglesias Evangélicas,
_c1949
300 _a22 p
650 _aConcilio mundial de iglesias
_93998
942 _cBK
999 _c17851
_d17851